000 00719nam a2200253Ia 4500
999 _c5184
_d5184
003 0100
008 130227s9999 xx 000 0 und d
020 _a0520045114
040 _cARRUPELIB
050 _aGN296.K56
100 _aKleinman, Arthur
_936389
245 _aPatients and healers in the context of culture
_bAn exploration of the borderland between anthropology, medicine, and psychiatry
260 _bUniversity of California Press
_aBerkeley
_c1980
300 _axvi
300 _b 427p 23cm
440 _aComparative studies of health systems & medical care n.3
_936390
650 _bMedical anthropology
_914367
650 _bPsychiatry, Transcultural
_936391
942 _2lcc
_cMONOGRAPH